Community Pharmacy Management (Record no. 13074)

MARC details
000 -LEADER
fixed length control field 00454nam a22001817a 4500
003 - CONTROL NUMBER IDENTIFIER
control field OSt
008 - FIXED-LENGTH DATA ELEMENTS--GENERAL INFORMATION
fixed length control field 250204b |||||||| |||| 00| 0 eng d
020 ## - INTERNATIONAL STANDARD BOOK NUMBER
International Standard Book Number N62379789354516252
082 ## - DEWEY DECIMAL CLASSIFICATION NUMBER
Classification number 615.1 YAT
100 ## - MAIN ENTRY--PERSONAL NAME
Personal name Yadav, Adhikrao
245 ## - TITLE STATEMENT
Title Community Pharmacy Management
250 ## - EDITION STATEMENT
Edition statement 4th
260 ## - PUBLICATION, DISTRIBUTION, ETC. (IMPRINT)
Place of publication, distribution, etc N,Delhi
Name of publisher, distributor, etc Nirali Pub.
Date of publication, distribution, etc 2024
300 ## - PHYSICAL DESCRIPTION
Extent 9.60
650 ## - SUBJECT ADDED ENTRY--TOPICAL TERM
Topical term or geographic name as entry element Community pharmacy and Management
700 ## - ADDED ENTRY--PERSONAL NAME
Personal name Dubal, Ashwani.S
942 ## - ADDED ENTRY ELEMENTS (KOHA)
Source of classification or shelving scheme Dewey Decimal Classification
Koha item type Text Books
Holdings
Withdrawn status Lost status Source of classification or shelving scheme Damaged status Not for loan Collection code Home library Current library Date acquired Source of acquisition Currency Cost, normal purchase price Bill Number Total Checkouts Full call number Acc. no. / Barcode Date last seen Actual Cost, discounted price Bill Date Koha item type
    Dewey Decimal Classification     Diploma in Pharmacy PIET C-LIBRARY PIET C-LIBRARY 24/01/2025 Zafaa Books Distributres In Rupees 240.00 ZBDO450   615.1 YAT DP1386 04/02/2025 180.00 22/01/2025 Text Books
    Dewey Decimal Classification     Diploma in Pharmacy PIET C-LIBRARY PIET C-LIBRARY 24/01/2025 Zafaa Books Distributres In Rupees 240.00 ZBDO450   615.1 YAT DP1387 04/02/2025 180.00 22/01/2025 Text Books
    Dewey Decimal Classification     Diploma in Pharmacy PIET C-LIBRARY PIET C-LIBRARY 24/01/2025 Zafaa Books Distributres In Rupees 240.00 ZBDO450   615.1 YAT DP1388 04/02/2025 180.00 22/01/2025 Text Books

Design & Developed by: PIET Central Library
R70 Miles Stone Pattikalyana Samalkha Panipat 132102
mail ID :- [email protected], Phone No:- 0180-2569700 Ex.216